El número en la educación preescolar

Saved in:
Bibliografiske detaljer
Hovedforfatter: Kamii, Constance Kazuko (Author)
Format: Bog
Sprog:spansk
Udgivet: Madrid Machado 2002
Udgivelse:6a. ed
Serier:Colección Aprendizaje, 9
Fag:
Tags: Tilføj Tag
Ingen Tags, Vær først til at tagge denne postø!

MARC

LEADER 00000nam a2200000 a 4500
001 UCI1440
003 CL-VaPUC
008 070629e20020000SP |||||||||||||||||spa|d
020 |a 8477744092 
082 0 4 |a 372.71  |b KAM  |2 21 
100 |a Kamii, Constance Kazuko  |e author  |9 599018 
245 1 3 |a El número en la educación preescolar 
250 |a 6a. ed 
300 |a 88 p 
942 |c BK 
945 |d 20070629 00:00:00  |a jtorresc 
260 |a Madrid  |b Machado  |c 2002 
650 0 |a Educación preescolar  |9 260381 
650 0 |a Matemática  |9 260235 
650 0 |a Enseñanza  |9 256457 
583 |a last modification  |c 20070629 00:00:00  |k Rodrigo Vera 
490 0 |a Colección Aprendizaje, 9 
999 |c 326262  |d 326260 
952 |0 0  |1 0  |4 0  |6 372_710000000000000_KAM_2002  |7 0  |8 P  |9 408074  |a BIBEDU  |b BIBEDU  |c BIBEDU_PB  |d 2019-11-22  |i 4351959  |o 372.71 KAM 2002  |p 4351959  |r 2024-01-25  |w 2019-11-22  |y BK  |k PAR